00711nam a2200205 i 450000100060000000300090000600500170001500700030003200800410003508000210007610000430009724500740014026000300021430000210024449000270026583000350029285200360032799900170036395201250038047597ES-MaACL20251014063112.0t|030507s1916 sp ||||1| spa d a821.134.2-32"18"1 aSellés, Eugenio, d1842-1926914593313aEl tintero de Talavera b: novela inédita / cpor Eugenio Sellés. aMadrid : b[s.n., c1916] a29 p. ; c19 cm.1 ala novela corta ; v510 ala novela corta ; v519182142 aES-MaACLjG-4948(51) bR.132489 c47597d47597 00104070aATENEOMbATENEOMcDEPO2d2008-01-17eSCl0oG-4948(51)p1050080r2023-02-23 00:00:00w2023-02-23yMONOGRAFIA